Vista normal
Vista MARC
Entrada Personal Name
Número de registros utilizados en: 2
001 - CONTROL NUMBER
- control field: 1260
003 - CONTROL NUMBER IDENTIFIER
- control field: OSt
005 - DATE AND TIME OF LATEST TRANSACTION
- control field: 20110831101946.0
008 - FIXED-LENGTH DATA ELEMENTS
- fixed length control field: 110831|||a|||||| | ||| d
040 ## - CATALOGING SOURCE
- Original cataloging agency: OSt
- Transcribing agency: OSt
100 ## - HEADING--PERSONAL NAME
- Personal name: Fernández Bussy, Ramón.
670 ## - SOURCE DATA FOUND
- Source citation: Work cat.: (OSt)338: Nudenberg, Bernardo. 1258, Avances en colagenopatias / , 1996.